000 01140nam1a22002291i 4500
001 rc\4176358
005 20240724160108.0
035 _a(NLR Aleph) 007999697
090 _a8631650
_c8631650
100 _a20130415d1946 |||y0rusy50 ca
101 0 _arus
102 _aRU
105 _a z |||||
200 1 _aСопротивление материалов
_eКонспект лекций, прочит. засл. деятелем науки и техники проф. Тихомировым Е.Н. на 2 курсе Моторостроит. фак. МАИ в весеннем семестре 1944-1945 учеб. г.
_fСост. студент Куликовский П.В.
_gМоск. Ордена Ленина авиац. ин-т им. Серго Орджоникидзе. Кафедра сопротивления материалов. [Ч. 2]
210 _aМосква
_cТип. МАИ
_d1946
215 _d30
300 _aЛитогр.
700 1 _aТихомиров
_bЕ.Н.
_f1891-1973
_gЕвгений Николаевич
801 0 _aRU
_bNLR
_gpsbo
801 1 _aRU
_bELAR
_2rusmarc
852 _aNLR
_jМх02 Г-7/15
942 _cBOOK